Route for the Overland Stage (Record no. 353168)
[ view plain ]
| 000 -LEADER | |
|---|---|
| fixed length control field | 00666nam a2200133Ia 4500 |
| 008 - FIXED-LENGTH DATA ELEMENTS--GENERAL INFORMATION | |
| fixed length control field | 171212s9999 xx 000 0 und d |
| 020 ## - INTERNATIONAL STANDARD BOOK NUMBER | |
| International Standard Book Number | 9780874216936 |
| 100 ## - MAIN ENTRY--PERSONAL NAME | |
| Personal name | Petersen, Jesse G. |
| 245 ## - TITLE STATEMENT | |
| Statement of responsibility, etc | Petersen, Jesse G. |
| Title | Route for the Overland Stage |
| Remainder of title | James H. Simpson's 1859 Trail Across the Great Basin |
| 260 ## - PUBLICATION, DISTRIBUTION, ETC. (IMPRINT) | |
| Name of publisher, distributor, etc | University Press of Colorado |
| Date of publication, distribution, etc | 2008 |
| 650 ## - SUBJECT ADDED ENTRY--TOPICAL TERM | |
| Topical term or geographic name as entry element | History |
| 650 ## - SUBJECT ADDED ENTRY--TOPICAL TERM | |
| Topical term or geographic name as entry element | Simpson, J. H. (James Hervey), 1813-1883 -- Travel -- Great Basin; Great Basin -- Discovery and exploration; Great Basin -- Surveys; Great Basin -- Geography; Scientific expeditions -- Great Basin -- History -- 19th century |
| 856 ## - ELECTRONIC LOCATION AND ACCESS | |
| Uniform Resource Identifier | <a href="www.jstor.org/stable/10.2307/j.ctt4cgqjd">www.jstor.org/stable/10.2307/j.ctt4cgqjd</a> |
| Withdrawn status | Lost status | Damaged status | Home library | Current library | Date acquired | Total Checkouts | Full call number | Date last seen | Price effective from | Koha item type |
|---|---|---|---|---|---|---|---|---|---|---|
| College Library | College Library | 12/12/2017 | F789.P47 2008 | 12/12/2017 | 12/12/2017 | Curriculum - Based eBooks |